000 00305nam a2200133Ia 4500
005 20251222143315.0
008 251222s9999||||xx |||||||||||||| ||spa||
020 _a2-226-13605-3
082 _a818.5/T76
100 _aTosches, Nick
245 0 _aLa Main de Dante
264 _bAlbin Michel
942 _cLIB
999 _c15881
_d15881